• 首页
  • 本馆介绍
  • 公告通知
  • 最新文献
  • 馆藏检索
  • 电子资源
  • 读者导购
  • 参考咨询
  • 我的图书馆
  • 登录
  • 详细信息显示
  • 放入我的书架
  • 预约/预借图书
  • 作者相关作品
  • 分类相关作品
  • 丛书相关作品
  • 出版社相关作品

书目信息

  • 表格格式
  • 工作单格式
  • 卡片格式
题名:
社会调查研究方法
    
 
作者: 郝大海 著
分册:  
出版信息: 北京   中国人民大学出版社  2019.5
页数: 284页
开本: 26cm
丛书名:
单 册:
中图分类: C915
科图分类:
主题词: 社会调查--she hui tiao cha--调查方法--高等学校--教材
电子资源:
ISBN: 978-7-300-26861-3
000 01392nam0 2200289 450
001 2161478181
005 20211003084801.61
010    @a978-7-300-26861-3@dCNY48.00
100    @a20190731d2019 em y0chiy50 ea
101 0  @achi
102    @aCN@b110000
105    @ay az 000yy
106    @ar
200 1  @a社会调查研究方法@Ashe hui tiao cha yan jiu fang fa@dSurvey methods in social research@f郝大海著@zeng
205    @a4版
210    @a北京@c中国人民大学出版社@d2019.5
215    @a284页@d26cm
300    @a新编21世纪社会学系列教材 “十二五”普通高等教育本科国家级规划教材 教育部高等学校社会学类专业教学指导委员会推荐教材 北京高等教育精品教材
314    @a郝大海,博士,中国人民大学社会学系教授。曾在《中国社会科学》、《社会学研究》等期刊发表论文。
320    @a有书目
330    @a本书是一本社会调查研究方法的提高教材,内容包括抽样、问卷设计、资料搜集方法、数据处理和调查报告撰写等。完整性是本书的一大特色。本书收入了目前最新的社会调查研究技术,通过对社会调查研究方法每个环节的详细介绍,不仅使希望了解调查方法的读者能完整地学到这一方法,而且还力求使那些通过社会研究方法入门教材对调查方法有一定了解的读者有更专业的理解和认识。
510 1  @aSurvey methods in social research@zeng
606 0  @a社会调查@Ashe hui tiao cha@x调查方法@x高等学校@j教材
690    @aC915@v5
701  0 @a郝大海@Ahao da hai@4著
801  0 @aCN@b百万庄@c20210929
905    @b1303142-45@dC915@e1780=4@f4
    
    社会调查研究方法=Survey methods in social research/郝大海著.-4版.-北京:中国人民大学出版社,2019.5
    284页;26cm
    新编21世纪社会学系列教材 “十二五”普通高等教育本科国家级规划教材 教育部高等学校社会学类专业教学指导委员会推荐教材 北京高等教育精品教材
    
    ISBN 978-7-300-26861-3:CNY48.00
    本书是一本社会调查研究方法的提高教材,内容包括抽样、问卷设计、资料搜集方法、数据处理和调查报告撰写等。完整性是本书的一大特色。本书收入了目前最新的社会调查研究技术,通过对社会调查研究方法每个环节的详细介绍,不仅使希望了解调查方法的读者能完整地学到这一方法,而且还力求使那些通过社会研究方法入门教材对调查方法有一定了解的读者有更专业的理解和认识。
●
相关链接 在E读中查询图书 在五车中查询图书 在当当中查询图书 在豆瓣中查询图书


正题名:社会调查研究方法     索取号:C915/1780=4         预约/预借

序号 登录号 条形码 馆藏地/架位号 状态 备注
1 1303142   213031422   第一样本阅览室/ [索取号:C915/1780=4] 在馆    
2 1303143   213031431   第一借阅区/ [索取号:C915/1780=4] 在馆    
3 1303144   213031440   第一借阅区/ [索取号:C915/1780=4] 在馆    
4 1303145   213031459   第一借阅区/ [索取号:C915/1780=4] 在馆    
唐山师范学院图书馆 欢迎您!
大连网信软件有限公司© 版权所有